Lewis Hamilton - Statistics

General Stats
  • This quiz has been taken 23 times
    22 since last reset
  • The average score is 8 of 10
Answer Stats
Question Answer % Correct
When was his last championship win? 2020
95%
How many Championships has he won? 7
95%
What team is he on currently? Ferrari
95%
Who beat Lewis in 2016 when they were on Mercedes together? Nico Rosberg
91%
What year was he born? 1985
82%
When was his first Championship wins? 2008
82%
What was Hamtilton's first team in F1? McLaren
82%
What year did he join f1? 2007
77%
How many races has he won? 105
73%
Where did Lewis get his first podium with Ferrari? China
64%
No matching quizzes found
Score Distribution
Percent of People with Each Score
Percentile by Number Answered
Your Score History
You have not taken this quiz since the last reset